书目信息 |
| 题名: |
技术进步型开放
|
|
| 作者: | 刘青 著 | |
| 分册: | ||
| 出版信息: | 北京 中国人民大学出版社 2025.05 |
|
| 页数: | 335页 | |
| 开本: | 23cm | |
| 丛书名: | 中国经济高质量发展丛书 | |
| 单 册: | ||
| 中图分类: | F125 | |
| 科图分类: | ||
| 主题词: | 中国经济--经济开放--研究 | |
| 电子资源: | ||
| ISBN: | 978-7-300-33872-9 | |
| 000 | 00971oam2 2200265 450 | |
| 001 | 013271879 | |
| 005 | 20251023092341.61 | |
| 010 | @a978-7-300-33872-9@dCNY89.00 | |
| 100 | @a20250625d2025 em y0chiy0120 ea | |
| 101 | 0 | @achi |
| 102 | @aCN@b110000 | |
| 105 | @ay z 000yy | |
| 106 | @ar | |
| 200 | 1 | @a技术进步型开放@9ji shu jin bu xing kai fang@f刘青著 |
| 210 | @a北京@c中国人民大学出版社@d2025.05 | |
| 215 | @a335页@d23cm | |
| 225 | 1 | @a中国经济高质量发展丛书 |
| 330 | @a本书分宏观纵览、贸易开放、跨国投资、企业投资四编,共十章。内容包括:中国贸易40年:现状、前瞻及建议;贸易政策不确定性和企业创新;贸易自由化、员工培训与企业生产率;合资企业是否带来技术扩散等。 | |
| 461 | 0 | @12001 @a中国经济高质量发展丛书 |
| 510 | 1 | @aTechnological-progress-oriented opening-up@zeng |
| 606 | 0 | @a中国经济@x经济开放@x研究 |
| 690 | @aF125@v5 | |
| 701 | 0 | @a刘青@9liu qing@c(世界经济学)@4著 |
| 801 | 0 | @aCN@c20250911 |
| 905 | @a河南城建学院图书馆@dF125@eL662@ZL662@f1 | |
| 技术进步型开放/刘青著.-北京:中国人民大学出版社,2025.05 |
| 335页;23cm.-(中国经济高质量发展丛书) |
| ISBN 978-7-300-33872-9:CNY89.00 |
| 本书分宏观纵览、贸易开放、跨国投资、企业投资四编,共十章。内容包括:中国贸易40年:现状、前瞻及建议;贸易政策不确定性和企业创新;贸易自由化、员工培训与企业生产率;合资企业是否带来技术扩散等。 |
| ● |
| 相关链接 |
|
|
|
正题名:技术进步型开放
索取号:F125/L662
 
预约/预借
| 序号 | 登录号 | 条形码 | 馆藏地/架位号 | 状态 | 备注 |
| 1 | 1635519 | 216355192 | 社科库409/ [索取号:F125/L662] | 在馆 |